| 000 | 005140000a22001690004500 | ||
|---|---|---|---|
| 090 |
_aAR _b02105 |
||
| 245 | 1 | 0 | _aDynamics of spatial exploitation in a patchy environment |
| 650 | 1 | 4 |
_aEcología del paisaje _992227 |
| 650 | 1 | 4 |
_aEconomía ambiental _992824 |
| 650 | 1 | 4 |
_aModelación espacial _910316 |
| 650 | 1 | 4 |
_aPlanificación de uso del suelo _995573 |
| 041 | 0 | _aEspañol | |
| 700 | 1 |
_aWilen, James E. _995574 |
|
| 100 | 1 |
_aSanchirico, James N. _995575 |
|
| 942 | _cARTICULO | ||
| 773 | 1 |
_tPreprint _33 _q1-16 _d1997 |
|
| 999 |
_c11182 _d11182 |
||